| 000 | 00000nam##2200000za#4500 |
| 001 | 9.646856 |
| 003 | CaOODSP |
| 005 | 20230202144025 |
| 007 | ta |
| 008 | 150407|1999||||xxc||||| f|0| 0 eng|d |
| 020 | |a0-662-26603-X |
| 040 | |aCaOODSP|beng |
| 043 | |an-cn--- |
| 086 | 1 |aH72-21/157-1998E |
| 110 | 2 |aNational Clearinghouse on Family Violence (Canada). |
| 245 | 10|aHusband abuse: an overview of research and perspectives / |cby Leslie Tutty. |
| 260 | |aOttawa - Ontario : |bHealth Canada. |c1999. |
| 300 | |a28p. : |breferences ; |c28 cm. |
| 500 | |aContents: Introduction.--Defining husband abuse.--Evidence for husband abuse.--Criticisms of the community survey studies related to husband abuse.--The debate about husband abuse.--The effects and nature of husband abuse.--A comparison with battered women.--Perceptions of husband abuse by Canadian family violence practitioners.--What can abused men do? Reporting and seeking assistance.--Where to go for help.--Policy implications.--Conclusion.--Suggested readings.--References. |
| 563 | |aSoftcover |
| 590 | |a99-34|b1999-08-27 |
| 690 | 07|aFamily violence|2gcpds |
| 720 | 1 |aTutty, Leslie |
| 775 | 08|tViolence à l'égard du mari: vue d'ensemble sur la recherche et les perspectives / |w(CaOODSP)9.680354 |
| 776 | 0#|tHusband abuse : |w(CaOODSP)9.695709 |